Fundamentals of chemical reaction engineering /

Guardado en:
Autor Principal: Brötz, Walter.
Otros Autores: Diener, David A., (Traductor, tr.), Weaver, John A., (Traductor, tr.)
Formato: Libro
Idioma:English
German
Publicado: Reading, Mass. : Addison-Wesley Pub. Co., c1965.
Series:Addison-Wesley series in chemical engineering
Materias:
Etiquetas: Agregar Etiqueta
Sin Etiquetas, Sea el primero en etiquetar este registro!
LEADER 01198cam a22003015a 4500
001 EIQ.libpla000659
008 731106s1965####maua#####b####000#0#eng#d
005 20071218184357.0
245 1 0 |a Fundamentals of chemical reaction engineering /  |c by Walter Brötz ; translated from the German by David A. Diener and John A. Weaver. 
260 |a Reading, Mass. :  |b Addison-Wesley Pub. Co.,  |c c1965. 
300 |a ix, 325 p. :  |b il. ;  |c 25 cm. 
440 0 |a Addison-Wesley series in chemical engineering 
500 |a English translation of Grundriss der chemischen Reaktionstechnik. 
504 |a Incluye referencias bibliográficas. 
100 1 |a Brötz, Walter. 
700 1 |a Diener, David A.,  |e tr.  |4 trl 
700 1 |a Weaver, John A.,  |e tr.  |4 trl 
082 |a 660.299 
650 4 |a Reacciones químicas  |x Transferencia de masa. 
650 4 |a Reacciones químicas  |x Transferencia de calor. 
650 4 |a Química  |x Reacciones. 
650 4 |a Chemical reactions  |x Heat transfer. 
650 4 |a Chemical reactions  |x Mass transfer. 
650 4 |a Chemical  |x Reactions. 
010 |a  65010928  
040 |a DLC  |c PPi  |d OCoLC  |d Uk  |d AR-BbSID 
041 1 |a eng  |h ger 
859 |a AR-BbSID  |b BIB. PLAPIQUI  |h 541.39  |i B 795  |p 446